|
|
|
|
| LEADER |
00000nam a2200000 4500 |
| 001 |
vtls011911921 |
| 003 |
SK-MaSNL |
| 005 |
20260301102351.0 |
| 008 |
201207s1853 xo a 0 0n0 slo |
| 015 |
|
|
|a SNBHFA1853
|
| 035 |
|
|
|a 03E0A924-2B51-40C3-9911-A0B4EAEC7D26
|
| 035 |
|
|
|a urn:nbn:sk:snk-am3ibrn
|
| 035 |
|
|
|a urn:nbn:sk:snk-am00e198
|
| 040 |
|
|
|a SNKHF
|b slo
|c SNKHF
|e rda
|
| 041 |
0 |
|
|a slo
|
| 043 |
|
|
|a e-xo---
|
| 044 |
|
|
|a xo
|c SK
|
| 072 |
|
7 |
|a 783
|x Cirkevná hudba. Duchovná hudba. Náboženská hudba
|2 konspekt
|
| 080 |
|
|
|a 783.6
|2 2011
|
| 130 |
0 |
|
|a Nábožná
|9 302786
|
| 245 |
1 |
0 |
|a Nábožná Pjseň o Vmučenj Pána Gežjsse Krysta
|b Ach gá hřjssnjk ten neywĕtssj!
|
| 264 |
|
3 |
|a W Skalicy
|b v Škarnicla Synů
|c 1853
|
| 300 |
|
|
|a 8 nečíslovaných strán
|c 11 cm
|
| 336 |
|
|
|a text
|b txt
|2 rdacontent
|
| 337 |
|
|
|a bez média
|b n
|2 rdamedia
|
| 338 |
|
|
|a zväzok
|b nc
|2 rdacarrier
|
| 500 |
|
|
|a Titulná strana s drevorezom
|
| 546 |
|
|
|a Predspisovná slovenčina
|b Fraktúra
|
| 650 |
0 |
7 |
|a duchovné piesne
|2 SNKPH
|9 1928
|
| 700 |
1 |
|
|a Škarnicel, Jozef,
|d 1804-1877
|4 prt
|9 169168
|
| 710 |
0 |
|
|a Škarnicel, Jozef (Skalica, Slovensko)
|4 prt
|9 271317
|
| 752 |
|
|
|a Slovensko
|d Skalica
|
| 852 |
|
|
|a snk
|p SE 500/21
|
| 958 |
|
|
|a ONDV
|
| 958 |
|
|
|a DF
|
| 958 |
|
|
|a SK
|
| 958 |
|
|
|a NT
|
| 999 |
|
|
|c 692003
|d 693933
|
| 952 |
|
|
|a SNK
|b SNK
|y PREZ
|7 0
|p 17A0731921
|o snkSE 500/21
|i snk312/34
|0 0
|1 0
|4 0
|d 2020-01-20
|f 1
|l 0
|r 2026-02-23 20:30:35
|w 2026-02-23
|